National Conference on Emerging Trents in Service Sectors: (Record no. 204194)

MARC details
000 -LEADER
fixed length control field 00588nam a22001817a 4500
005 - DATE AND TIME OF LATEST TRANSACTION
control field 20240718161849.0
010 ## - LCCN (DPL NO)
LC control number ENG-140900
020 ## - INTERNATIONAL STANDARD BOOK NUMBER
International Standard Book Number 9788192281100
Terms of availability 400.00
035 ## - SYSTEM CONTROL NUMBER
System control number EN-124432
037 ## - SOURCE OF ACQUISITION
Source of stock number/acquisition DBAD
082 ## - DEWEY DECIMAL CLASSIFICATION NUMBER
Classification number 338.4
245 ## - TITLE STATEMENT
Title National Conference on Emerging Trents in Service Sectors:
Remainder of title Macot'11/
Statement of responsibility, etc Edited By N Subburaj
260 ## - PUBLICATION, DISTRIBUTION, ETC. (IMPRINT)
Place of publication, distribution, etc Tamil Nadu
Name of publisher, distributor, etc Amman College of Arts and Science
Date of publication, distribution, etc 2011
270 ## - ADDRESS
Address Pillaiyarnatham, Dindigul
City Tamil Nadu
Postal code 624002
300 ## - PHYSICAL DESCRIPTION
Extent 236p.
Dimensions 29cm.(pb)
700 ## - ADDED ENTRY--PERSONAL NAME
Personal name Subburaj, N
9 (RLIN) 68561
942 ## - ADDED ENTRY ELEMENTS (KOHA)
Source of classification or shelving scheme Dewey Decimal Classification
Item type English Books
Call number suffix EME
Classification part 338.4
Holdings
Withdrawn status Lost status Not for loan Collection code Home library Current library Date acquired Source of acquisition Cost, normal purchase price Full call number Barcode Copy number Cost, replacement price Koha item type
      Non-fiction Shahdara Branch Shahdara Branch 18/07/2024 DBAD 400.00 EME 338.4 EN-124432 1 400.00 English Books

© Delhi Public Library
Hit Counter
free hit counter